Cranes. (Record no. 110227)
[ view plain ]
| 000 -LEADER | |
|---|---|
| fixed length control field | 00264nam a2200121 a 4500 |
| 001 - CONTROL NUMBER | |
| control field | 4144 |
| 005 - DATE AND TIME OF LATEST TRANSACTION | |
| control field | 20140414131852.0 |
| 008 - FIXED-LENGTH DATA ELEMENTS--GENERAL INFORMATION | |
| fixed length control field | 090317s19uu xx 00 eng d |
| 050 ## - LIBRARY OF CONGRESS CALL NUMBER | |
| Classification number | M 621.8 |
| Item number | C67 2000 |
| 100 ## - MAIN ENTRY--PERSONAL NAME | |
| Personal name | Cole, Sally |
| 245 ## - TITLE STATEMENT | |
| Title | Cranes. |
| Withdrawn status | Lost status | Damaged status | Home library | Current library | Shelving location | Date acquired | Total Checkouts | Full call number | Barcode | Date last seen | Price effective from | Koha item type |
|---|---|---|---|---|---|---|---|---|---|---|---|---|
| Munich Library | Munich Library | Main Section | 03/17/2009 | M 621.8 C67 2000 | M0561 | 04/14/2014 | 04/14/2014 | Books |